| 000 | 00471 a2200133 4500 | ||
|---|---|---|---|
| 001 | 87809 | ||
| 082 | _aPR 186 | ||
| 090 |
_c41271 _d41271 |
||
| 100 | _aM Ahsen Ali, Plt Off 15641 , M Fausz Naeem CH, Plt Off 15644 G-71 (A) | ||
| 245 | _aFabrication, wind tunnel testing and flight testing of MAV with camera on board and full control capacity | ||
| 260 |
_aRisalpur _bNUST Risalpur _c2011 |
||
| 300 |
_aix, 79p. _eMessam Ababs Naqvi, Wg Cdr |
||
| 500 | _aBE Project Reports | ||
| 942 |
_aCAE NUST _kPR 186 |
||
| 999 |
_c322882 _d322882 |
||